Alan Turing: The Enigma: The Book That Inspired the Film "The Imitation Game" (Запис № 285888)

МАРК-запис
000 -Лідер
fixed length control field 02313nam a22002537a 4500
001 - Контрольний номер
control field 216216977
003 - Ідентифікатор контрольного номера
control field UA-OsUOA
005 - Дата та час останнього входження (трансакції)
control field 20200501174624.0
008 - Елементи даних фіксованої довжини – загальна інформація
fixed length control field 200501b -uko|||g |||| 00| 0deng d
020 ## - Міжнародний стандартний книжковий номер (ISBN)
Міжнародний стандартний книжковий номер (ISBN) (НП) 9781784700089
040 ## - Джерело каталогізації
Агенція оригінальної каталогізації UA-OsUOA
Мова каталогізації ukr
Агенція, яка здійснювала перезапис UA-OsUOA
Агенція, яка здійснювала модифікацію UA-OsUOA
041 ## - Код мови
Код мови тексту/ звукової доріжки чи окремого заголовка (П) eng
080 ## - Індекс Універсальної десяткової класифікації
Індекс Універсальної десяткової класифікації (УДК) (НП) 929
090 ## - Локальний шифр розміщення
Авторський знак (НП) H72
Класифікаційний індекс УДК 929
100 ## - Основне введення – ім’я особи
Ім’я особи (НП) Hodges A.
245 ## - Відомості про назву
Назва (НП) Alan Turing: The Enigma: The Book That Inspired the Film "The Imitation Game"
Дані про відповідальність (НП) Andrew Hodges
260 ## - Публікація, розповсюдження і т.п. (Вихідні дані)
Місце публікації, розповсюдження і т.п. (П) London
Ім’я/ наймення видавництва, розповсюджувача і т.п. (П) Vintage Book
Дата публікації, розповсюдження і т.п. (П) 2014
300 ## - Фізичний опис
Обсяг 736 p.
520 ## - Резюме і т.п.
Резюме, реферат, анотація, тощо (НП) The official book behind the Academy Award-winning film The Imitation Game, starring Benedict Cumberbatch and Keira Knightley<br/><br/>It is only a slight exaggeration to say that the British mathematician Alan Turing (1912-1954) saved the Allies from the Nazis, invented the computer and artificial intelligence, and anticipated gay liberation by decades--all before his suicide at age forty-one. This New York Times–bestselling biography of the founder of computer science, with a new preface by the author that addresses Turings royal pardon in 2013, is the definitive account of an extraordinary mind and life.<br/><br/>Capturing both the inner and outer drama of Turing’s life, Andrew Hodges tells how Turing’s revolutionary idea of 1936--the concept of a universal machine--laid the foundation for the modern computer and how Turing brought the idea to practical realization in 1945 with his electronic design. The book also tells how this work was directly related to Turing’s leading role in breaking the German Enigma ciphers during World War II, a scientific triumph that was critical to Allied victory in the Atlantic. At the same time, this is the tragic account of a man who, despite his wartime service, was eventually arrested, stripped of his security clearance, and forced to undergo a humiliating treatment program--all for trying to live honestly in a society that defined homosexuality as a crime.<br/><br/>The inspiration for a major motion picture starring Benedict Cumberbatch and Keira Knightley, Alan Turing: The Enigma is a gripping story of mathematics, computers, cryptography, and homosexual persecution.
650 ## - Додаткове предметне введення – тематичний термін
Тематичний термін чи географічна назва, як елемент введення (НП) 929 Біографічні дослідженння
Джерело заголовка чи терміна UDC
700 1# - Додаткове введення – ім'я особи
Ім’я особи (НП) Hodges Andrew
942 ## - Додаткові елементи входу (Коха)
Source of classification or shelving scheme Universal Decimal Classification
Тип елемента Koha Книги
955 ## - Код типу видання за змістом
Код типу видання за змістом (НП) Науково-популярні видання
Фонди
Стан вилучень Стан втрат Джерело класифікації або схеми стелажів Стан уражень Не для кредиту Код колекції Постійне місце розташування Поточне розміщення Дата придбання Джерело придбання Вартість, звичайна ціна покупки Усього замовленно Повний номер виклику Штрих-код Дата останнього перегляду Вартість, ціна заміни Ціна ефективна від Тип елемента Koha Примітка, призначена для загального доступу
    Universal Decimal Classification     Paul Gordon Brodoway Collection ВІЛ - Відділ іноземн. літератури НБ ВІЛ - Відділ іноземн. літератури НБ 18/08/2017 Акт №03/17 20.00   929 H72 216114 15/11/2021 20.00 18/08/2017 Книги Бродовей Пол Гордон